SIAM journal on matrix analysis and applications : a publication of the Society for Industrial and Applied Mathematics /

Bibliographic Details
Previous Title:Society for Industrial and Applied Mathematics. SIAM journal on algebraic and discrete methods
Corporate Author: Society for Industrial and Applied Mathematics
Format: Journal
Language:English
Published: Philadelphia, Pa. : The Society, [1988-]
Subjects:
Online Availability: Check for online availability

MARC

Tag First Indicator Second Indicator Subfields
LEADER 00000cas a2200000 a 4500
001 in00000016276
005 20151007052729.0
008 870909c19889999pauqr1p 0 a0eng d
010 |a  88649193   |z sn 87002493  
012 |a 2  |i 8908  |j 1  |k 1  |l 1  |m 1 
022 0 |a 0895-4798 
030 |a SJMAEL 
032 |a 530050  |b USPS 
035 |a (OCoLC)ocm16655630 
035 |a (OCoLC)16655630 
035 |9 AAA8962AM 
037 |b Customer Service, SIAM, 1400 Architects Building, 117 S. 17th St., Philadelphia, PA 19103-5052 
040 |a NSD  |c NSD  |d PIT  |d COO  |d NSD  |d DLC  |d NST  |d NSD  |d NST  |d NSD  |d DLC  |d NST  |d IUL  |d NST  |d HUL  |d NST  |d GUA  |d NST  |d NSD  |d MYG  |d OCL  |d SYS  |d UtOrBLW 
042 |a nsdp  |a lc 
049 |a TXAM 
050 0 0 |a QA188  |b .S53 
082 0 0 |a 512.9/434/05  |2 20 
210 0 |a SIAM j. matrix anal. appl.  |b (Print) 
222 0 |a SIAM journal on matrix analysis and applications  |b (Print) 
245 0 0 |a SIAM journal on matrix analysis and applications :  |b a publication of the Society for Industrial and Applied Mathematics /  |c SIAM. 
246 3 |a Society for Industrial and Applied Mathematics journal on matrix analysis and applications 
246 1 0 |a Journal on matrix analysis and applications 
246 1 0 |a Matrix analysis and applications 
264 1 |a Philadelphia, Pa. :  |b The Society,  |c [1988-] 
264 4 |c ©1988- 
300 |a volumes :  |b illustrations ;  |c 26 cm. 
310 |a Quarterly 
336 |a text  |b txt  |2 rdacontent 
337 |a unmediated  |b n  |2 rdamedia 
338 |a volume  |b nc  |2 rdacarrier 
362 0 |a Vol. 9, no. 1 (Jan. 1988)- 
510 1 |a Mathematical reviews  |x 0025-5629  |b 1988- 
510 2 |a Computer & control abstracts  |x 0036-8113  |b 1988- 
510 2 |a Electrical & electronics abstracts  |x 0036-8105  |b 1988- 
510 2 |a Electronics and communications abstracts journal (Riverdale)  |x 0361-3313  |b 1988- 
510 2 |a ISMEC bulletin  |x 0306-0039  |b 1988- 
510 2 |a Physics abstracts  |x 0036-8091  |b 1988- 
510 2 |a Pollution abstracts with indexes  |x 0032-3624  |b 1988- 
510 2 |a Safety science abstracts journal  |x 0160-1342  |b 1988- 
530 |a Also available by subscription via the World Wide Web. 
650 0 |a Matrices  |v Periodicals. 
650 0 |a Mathematics  |v Periodicals. 
710 2 |a Society for Industrial and Applied Mathematics. 
776 1 |t SIAM journal on matrix analysis and applications (Online)  |x 1095-7162  |w (DLC)sn 97004545 
780 0 1 |a Society for Industrial and Applied Mathematics.  |t SIAM journal on algebraic and discrete methods  |x 0196-5212  |w (OCoLC)5842627  |w (DLC) 80645376 
850 |a AAP  |a AU  |a ArU  |a AzTeS  |a CPT  |a CSt  |a CU  |a CU-A  |a CU-I  |a CU-Riv  |a CU-S  |a CU-SB  |a CaBVaU  |a CaNSHD  |a CaOLUM  |a CaOTU  |a CaSSU  |a CoFS  |a CoU  |a CtY-KS  |a DGW  |a DLC  |a DeU  |a FU  |a GASU  |a GU  |a ICarbS  |a IEN  |a IaAS  |a IaU  |a InLP  |a InU  |a KyLoU  |a KyU  |a LNT  |a MBU  |a MCM  |a MH-GM  |a MNS  |a MWhB  |a MdU  |a MiDW  |a MiEM  |a MiU  |a MoKL  |a MoU  |a NBuU-SE  |a NIC  |a NN  |a NNC  |a NRU  |a NSyU  |a NcD  |a NcRS  |a NcU  |a NcWsW  |a NjP  |a NjR  |a OCU  |a OU  |a OrCS  |a OrU-S  |a PBL  |a PPD  |a PPiC  |a PPiU  |a PU  |a RPB-S  |a TU  |a TxCM  |a TxHR  |a ULA  |a UU  |a ViBlbV  |a ViU  |a ViW  |a WaU  |a WvU  |a WyU 
891 3 3 |9 853  |8 1  |a v.  |b no.  |u 4  |v r  |i (year)  |j (month)  |w q  |x 01 
891 4 0 |9 863  |8 1  |a <9>-  |i <1988>-  |x provisional 
936 |a Vol. 9, no. 4 (Oct. 1988) LIC 
948 |a MFHD URL added  |b h  |c 2002/10/7  |d c  |e rstovall5  |f 5:00:24 pm 
994 |a E0  |b TXA 
999 |a MARS 
999 f f |s eb29ade2-98f8-3347-a9fe-12c63baa4094  |i 9d1bc02e-5029-3ff6-8437-a0d397f549fe  |t 0 
952 f f |p ric  |a Texas A&M University  |b Rellis Campus  |c Joint Library Facility  |d Remote Storage  |t 0  |e QA1 .S732  |h Library of Congress classification  |i unmediated -- volume  |k v.12  |l 1991  |m 32939000011976 
952 f f |p ric  |a Texas A&M University  |b Rellis Campus  |c Joint Library Facility  |d Remote Storage  |t 0  |e QA1 .S732  |h Library of Congress classification  |i unmediated -- volume  |k v.22:no.3  |l 2000:Oct./2001:Jan.  |m A14829307222 
952 f f |p ric  |a Texas A&M University  |b Rellis Campus  |c Joint Library Facility  |d Remote Storage  |t 0  |e QA1 .S732  |h Library of Congress classification  |i unmediated -- volume  |k v.23:no2  |l 2001:Aug./Nov.  |m A14829307418 
952 f f |p ric  |a Texas A&M University  |b Rellis Campus  |c Joint Library Facility  |d Remote Storage  |t 0  |e QA1 .S732  |h Library of Congress classification  |i unmediated -- volume  |k v.23:no.4  |l 2002:Mar-May  |m A14830651024 
952 f f |p ric  |a Texas A&M University  |b Rellis Campus  |c Joint Library Facility  |d Remote Storage  |t 0  |e QA1 .S732  |h Library of Congress classification  |i unmediated -- volume  |k v.20:no.3-4  |l 1999:Jan-July  |m 32939000011967 
952 f f |p ric  |a Texas A&M University  |b Rellis Campus  |c Joint Library Facility  |d Remote Storage  |t 0  |e QA1 .S732  |h Library of Congress classification  |i unmediated -- volume  |k v.26:no.1-2  |l 2004:Aug./Sept.-Nov./2005:Jan.  |m A14832867930 
952 f f |p ric  |a Texas A&M University  |b Rellis Campus  |c Joint Library Facility  |d Remote Storage  |t 0  |e QA1 .S732  |h Library of Congress classification  |i unmediated -- volume  |k v.27:no.1-2  |l 2005:June/Aug.-Sept./Nov.  |m A14834640766 
952 f f |p ric  |a Texas A&M University  |b Rellis Campus  |c Joint Library Facility  |d Remote Storage  |t 0  |e QA1 .S732  |h Library of Congress classification  |i unmediated -- volume  |k v.10  |l 1989  |m 32939000011998 
952 f f |p ric  |a Texas A&M University  |b Rellis Campus  |c Joint Library Facility  |d Remote Storage  |t 0  |e QA1 .S732  |h Library of Congress classification  |i unmediated -- volume  |k v.18:no.1-2  |l 1997:Jan.-Apr.  |m 32939000011986 
952 f f |p ric  |a Texas A&M University  |b Rellis Campus  |c Joint Library Facility  |d Remote Storage  |t 0  |e QA1 .S732  |h Library of Congress classification  |i unmediated -- volume  |k v.17:no.3-4  |l 1996:July-Oct.  |m 32939000011985 
952 f f |p ric  |a Texas A&M University  |b Rellis Campus  |c Joint Library Facility  |d Remote Storage  |t 0  |e QA1 .S732  |h Library of Congress classification  |i unmediated -- volume  |k v.22:no.2  |l 2000:July/Oct.  |m A14828557866 
952 f f |p ric  |a Texas A&M University  |b Rellis Campus  |c Joint Library Facility  |d Remote Storage  |t 0  |e QA1 .S732  |h Library of Congress classification  |i unmediated -- volume  |k v.28:no.2  |l 2006:Apr./Aug.  |m A14836126988 
952 f f |p ric  |a Texas A&M University  |b Rellis Campus  |c Joint Library Facility  |d Remote Storage  |t 0  |e QA1 .S732  |h Library of Congress classification  |i unmediated -- volume  |k v.14  |l 1993  |m 32939000011979 
952 f f |p ric  |a Texas A&M University  |b Rellis Campus  |c Joint Library Facility  |d Remote Storage  |t 0  |e QA1 .S732  |h Library of Congress classification  |i unmediated -- volume  |k v.29:no.1-2  |l 2006:Dec./2007:Feb.-Mar./April  |m A14837298843 
952 f f |p ric  |a Texas A&M University  |b Rellis Campus  |c Joint Library Facility  |d Remote Storage  |t 0  |e QA1 .S732  |h Library of Congress classification  |i unmediated -- volume  |k v.24:no.3-4  |l 2003:Jan./Feb.-Feb./May  |m A14832156127 
952 f f |p ric  |a Texas A&M University  |b Rellis Campus  |c Joint Library Facility  |d Remote Storage  |t 0  |e QA1 .S732  |h Library of Congress classification  |i unmediated -- volume  |k v.16:no.3-4  |l 1995:July-Oct.  |m 32939000011983 
952 f f |p ric  |a Texas A&M University  |b Rellis Campus  |c Joint Library Facility  |d Remote Storage  |t 0  |e QA1 .S732  |h Library of Congress classification  |i unmediated -- volume  |k v.29:no.3-4  |l 2007:June/Oct.-Nov./2008:Jan.  |m A14834783108 
952 f f |p ric  |a Texas A&M University  |b Rellis Campus  |c Joint Library Facility  |d Remote Storage  |t 0  |e QA1 .S732  |h Library of Congress classification  |i unmediated -- volume  |k v.28:no.1  |l 2006:Mar./Apr.  |m A14835860018 
952 f f |p ric  |a Texas A&M University  |b Rellis Campus  |c Joint Library Facility  |d Remote Storage  |t 0  |e QA1 .S732  |h Library of Congress classification  |i unmediated -- volume  |k v.28:no.3  |l 2006:Aug./Oct.  |m A14836459569 
952 f f |p ric  |a Texas A&M University  |b Rellis Campus  |c Joint Library Facility  |d Remote Storage  |t 0  |e QA1 .S732  |h Library of Congress classification  |i unmediated -- volume  |k v.27:no.4  |l 2006:Feb./Mar.  |m A14835859978 
952 f f |p ric  |a Texas A&M University  |b Rellis Campus  |c Joint Library Facility  |d Remote Storage  |t 0  |e QA1 .S732  |h Library of Congress classification  |i unmediated -- volume  |k v.22:no.1  |l 2000:May/June  |m A14828557905 
952 f f |p ric  |a Texas A&M University  |b Rellis Campus  |c Joint Library Facility  |d Remote Storage  |t 0  |e QA1 .S732  |h Library of Congress classification  |i unmediated -- volume  |k v.21:no.3  |l 2000:Feb./Mar,  |m A14828557450 
952 f f |p ric  |a Texas A&M University  |b Rellis Campus  |c Joint Library Facility  |d Remote Storage  |t 0  |e QA1 .S732  |h Library of Congress classification  |i unmediated -- volume  |k v.21:no.4  |l 2000:Mar./May  |m A14828557824 
952 f f |p ric  |a Texas A&M University  |b Rellis Campus  |c Joint Library Facility  |d Remote Storage  |t 0  |e QA1 .S732  |h Library of Congress classification  |i unmediated -- volume  |k v.15:no.3-4  |l 1994:July-Oct.  |m 32939000011981 
952 f f |p ric  |a Texas A&M University  |b Rellis Campus  |c Joint Library Facility  |d Remote Storage  |t 0  |e QA1 .S732  |h Library of Congress classification  |i unmediated -- volume  |k v.21:no.1-2  |l 1999:Aug./Oct.-Oct./2000:Jan.  |m A14826797680 
952 f f |p ric  |a Texas A&M University  |b Rellis Campus  |c Joint Library Facility  |d Remote Storage  |t 0  |e QA1 .S732  |h Library of Congress classification  |i unmediated -- volume  |k v.19:no.3-4  |l 1998:July-Oct.  |m 32939000011965 
952 f f |p ric  |a Texas A&M University  |b Rellis Campus  |c Joint Library Facility  |d Remote Storage  |t 0  |e QA1 .S732  |h Library of Congress classification  |i unmediated -- volume  |k v.18:no.3-4  |l 1997:July-Oct.  |m 32939000011987 
952 f f |p ric  |a Texas A&M University  |b Rellis Campus  |c Joint Library Facility  |d Remote Storage  |t 0  |e QA1 .S732  |h Library of Congress classification  |i unmediated -- volume  |k v.26:no.3-4  |l 2005:Mar./Apr.-May/June  |m A14833463658 
952 f f |p ric  |a Texas A&M University  |b Rellis Campus  |c Joint Library Facility  |d Remote Storage  |t 0  |e QA1 .S732  |h Library of Congress classification  |i unmediated -- volume  |k v.30:no.1-2  |l 2008:Jan./Apr.-May/Sept.  |m A14838839066 
952 f f |p ric  |a Texas A&M University  |b Rellis Campus  |c Joint Library Facility  |d Remote Storage  |t 0  |e QA1 .S732  |h Library of Congress classification  |i unmediated -- volume  |k v.17:no.1-2  |l 1996:Jan.-Apr.  |m 32939000011984 
952 f f |p ric  |a Texas A&M University  |b Rellis Campus  |c Joint Library Facility  |d Remote Storage  |t 0  |e QA1 .S732  |h Library of Congress classification  |i unmediated -- volume  |k v.22:no.4  |l 2001:Jan/Apr.  |m A14829307387 
952 f f |p ric  |a Texas A&M University  |b Rellis Campus  |c Joint Library Facility  |d Remote Storage  |t 0  |e QA1 .S732  |h Library of Congress classification  |i unmediated -- volume  |k v.28:no.4  |l 2006:Dec.  |m A14837106957 
952 f f |p ric  |a Texas A&M University  |b Rellis Campus  |c Joint Library Facility  |d Remote Storage  |t 0  |e QA1 .S732  |h Library of Congress classification  |i unmediated -- volume  |k v.27:no.3  |l 2005:Nov./2006:Jan.  |m A14835859936 
952 f f |p ric  |a Texas A&M University  |b Rellis Campus  |c Joint Library Facility  |d Remote Storage  |t 0  |e QA1 .S732  |h Library of Congress classification  |i unmediated -- volume  |k v.25:no.3-4  |l 2003:Dec./2004:Mar.-Apr./Aug.  |m A14833680268 
952 f f |p ric  |a Texas A&M University  |b Rellis Campus  |c Joint Library Facility  |d Remote Storage  |t 0  |e QA1 .S732  |h Library of Congress classification  |i unmediated -- volume  |k v.13:no.3-4  |l 1992:July-Oct.  |m 32939000011978 
952 f f |p ric  |a Texas A&M University  |b Rellis Campus  |c Joint Library Facility  |d Remote Storage  |t 0  |e QA1 .S732  |h Library of Congress classification  |i unmediated -- volume  |k v.16:no.1-2  |l 1995:Jan.-Apr.  |m 32939000011982 
952 f f |p ric  |a Texas A&M University  |b Rellis Campus  |c Joint Library Facility  |d Remote Storage  |t 0  |e QA1 .S732  |h Library of Congress classification  |i unmediated -- volume  |k v.11  |l 1990  |m 32939000011999 
952 f f |p ric  |a Texas A&M University  |b Rellis Campus  |c Joint Library Facility  |d Remote Storage  |t 0  |e QA1 .S732  |h Library of Congress classification  |i unmediated -- volume  |k v.19:no.1-2  |l 1998:Jan.-Apr.  |m 32939000011964 
952 f f |p ric  |a Texas A&M University  |b Rellis Campus  |c Joint Library Facility  |d Remote Storage  |t 0  |e QA1 .S732  |h Library of Congress classification  |i unmediated -- volume  |k v.24:no.1-2  |l 2002:May/July-Aug./Dec.  |m A14830650989 
952 f f |p ric  |a Texas A&M University  |b Rellis Campus  |c Joint Library Facility  |d Remote Storage  |t 0  |e QA1 .S732  |h Library of Congress classification  |i unmediated -- volume  |k v.23:no.3  |l 2001:Dec./2002:Mar.  |m A14829615471 
952 f f |p ric  |a Texas A&M University  |b Rellis Campus  |c Joint Library Facility  |d Remote Storage  |t 0  |e QA1 .S732  |h Library of Congress classification  |i unmediated -- volume  |k v.25:no.1-2  |l 2003:May/July-Aug./Nov.  |m A14832214179 
952 f f |p ric  |a Texas A&M University  |b Rellis Campus  |c Joint Library Facility  |d Remote Storage  |t 0  |e QA1 .S732  |h Library of Congress classification  |i unmediated -- volume  |k v.9  |l 1988  |m 32939000011997 
952 f f |p ric  |a Texas A&M University  |b Rellis Campus  |c Joint Library Facility  |d Remote Storage  |t 0  |e QA1 .S732  |h Library of Congress classification  |i unmediated -- volume  |k v.13:no.1-2  |l 1992:Jan.-Apr.  |m 32939000011977 
952 f f |p ric  |a Texas A&M University  |b Rellis Campus  |c Joint Library Facility  |d Remote Storage  |t 0  |e QA1 .S732  |h Library of Congress classification  |i unmediated -- volume  |k v.15:no.1-2  |l 1994:Jan.-Apr.  |m 32939000011980 
952 f f |p ric  |a Texas A&M University  |b Rellis Campus  |c Joint Library Facility  |d Remote Storage  |t 0  |e QA1 .S732  |h Library of Congress classification  |i unmediated -- volume  |k v.20:no.1-2  |l 1998:Sept.-Dec.  |m 32939000011966 
952 f f |p ric  |a Texas A&M University  |b Rellis Campus  |c Joint Library Facility  |d Remote Storage  |t 0  |e QA1 .S732  |h Library of Congress classification  |i unmediated -- volume  |k v.23:no.1  |l 2001:Apr./Aug.  |m A14829307426 
998 f f |a QA1 .S732  |s v.30:no.1-2 (2008:Jan./April-May/Sept.)  |t 0  |l Remote Storage